000 00769nas a2200253 4500
001 BR8804128
003 BR-BrBNA
005 20231205091224.0
007 ta
008 230509b bl.|||p| |||| 00| 00por d
040 _aBR-BrBNA
_bpor
_cBiblioteca Nacional de Agricultura
041 _a(Pt)
072 _aQ03
100 1 _aPalermo-Neto, J.
100 1 _aBernardi, M.M.
100 1 _aSouza-Spinosa, H. de
245 1 _aIntoxicacoes por praguicidas: uma visao critica
246 1 _aPesticides intoxication - a crictical view
650 _aHIGIENE DE ALIMENTO
650 _aPESTICIDA
773 0 _tCiencia e Cultura (Brazil)
_xISSN 0009-6725
_g(Nov 1987), v. 39(11) p. 1017-1022
_wBR8804128
909 _a202311
_bLúcia
_c55
_dLúcia Elande
942 _2AGRIS
_n0
_cANA
999 _c123661
_d123661